|
|
|
|
| LEADER |
00819nam a22002412a 4500 |
| 001 |
000945747 |
| 003 |
CZ BrMZK |
| 005 |
20090806130153.0 |
| 007 |
ta |
| 008 |
090611s1968 xr er|||||||||||cze d |
| 035 |
|
|
|a (OCoLC)42089346
|
| 040 |
|
|
|a ABA001
|b cze
|c PNA001
|d ABA001
|
| 080 |
9 |
|
|a 613.88+177.72+173(024)
|
| 100 |
1 |
|
|a Bečka, Karel
|7 jk01011289
|4 aut
|
| 245 |
1 |
0 |
|a Co neprozradí zrcadlo /
|c Karel Bečka
|
| 250 |
|
|
|a 1. vyd.
|
| 260 |
|
|
|a [Praha] :
|b Státní zdravotnické nakladatelství,
|c [1968]
|
| 300 |
|
|
|a 28 s.
|
| 856 |
4 |
1 |
|u http://www.digitalniknihovna.cz/mzk/uuid/uuid:338763b0-5da7-11e4-8214-005056827e51
|y Digitalizovaný dokument
|x NDK
|
| 910 |
|
|
|a BOA001
|b 1-0605.679
|
| 990 |
|
|
|a BK
|
| 991 |
|
|
|b 200906
|
| 996 |
6 |
|
|b 2619483965
|c 1-0605.679
|l MZK
|r Sklad / do 1 hodiny
|n 0
|w 000945747
|u 000010
|a 1
|e BOA001
|j MZK50
|s P
|